| 000 | 00000nam 2200000za 4500 |
| 001 | 9.630014 |
| 003 | CaOODSP |
| 005 | 20241203113634 |
| 007 | cr ||||||||||| |
| 008 | 150407s2015 xxc|||||o f|0| 0 eng d |
| 020 | |a978-1-100-25909-3 |
| 040 | |aCaOODSP|beng |
| 043 | |an-cn--- |
| 086 | 1 |aEn4-144/18-2015E-PDF |
| 110 | 1 |aCanada. |bEnvironment Canada. |
| 245 | 10|aData sources and methods for the greenhouse gas emissions indicators |h[electronic resource]. |
| 260 | |aGatineau : |bEnvironment Canada, |c2015. |
| 300 | |a6 p. |
| 500 | |aIssued also in French under title: Sources de données et méthodes des indicateurs sur les émissions de gaz à effet de serre. |
| 504 | |aIncludes bibliographical references. |
| 690 | 07|aGreenhouse gases|2gcpds |
| 775 | 08|tSources des données et méthodes des indicateurs sur les émissions de gaz à effet de serre |w(CaOODSP)9.677607 |
| 794 | |tCanadian environmental sustainability indicators |w(CaOODSP)9.833720 |
| 856 | 40|qPDF|s316 KB|uhttps://publications.gc.ca/collections/collection_2015/ec/En4-144-18-2015-eng.pdf |